000 00912nam a2200253Ia 4500
003 OSt
005 20221005112903.0
006 a|||||r|||| 00| 0
007 ta
008 221004b |||||||| |||| 00| 0 spa d
020 _a9788126045921 (pbk)
_c120
024 _a26893
037 _b1003, 31/12/2015, H.K. Prakashan
_cTextual
040 _aCRL
_cCRL
_bspa
041 _2spa
_aspa
082 _aO123,1N14x, 153Q4
100 _aFੁਦਲ, ਪ੍ਰਯਾਗ, ਥਦ.
_9159594
245 0 _aਓਕਤਾਵਿਓ ਪਾਗ਼ ਦੀਆਂ ਕਵਿਤਾਵਾਂ
260 _aਦਿੱਲੀ
_bਸਾਹਿਤ ਅਕਾਦਮੀ ਭਾਰਤ
_c2014
300 _a156ਪੰ
_ccm.
650 _aਪੰਜਾਬੀ ਸਾਹਿਤ
942 _hO123,1N14x, 153Q4
_cTEXL
_2cc
999 _c1026324
_d1026324